Jak připravit mladé lidi na budoucnost?

Konferencia Kariérové poradenství - nástroj do školy, do práce i do života, na ktorej vystúpili experti z Česka, Dánska aj Anglicka. Dobrá prax zo zahraničia, kde je kariérové poradenstvo súčasťou školskej výučby. Poradenstvo šité na mieru. Od kariérovej voľby ku kariérovému učeniu.

Salvato in:
Dettagli Bibliografici
Autore principale: Kejhová, Hana
Natura: Capitolo di libro
Lingua:ceco
Soggetti:
Tags: Aggiungi Tag
Nessun Tag, puoi essere il primo ad aggiungerne!!

MARC

LEADER 00000naa a2200000 4500
001 0234016
005 20170627132841.9
041 0 |a cze 
044 |a CZ 
245 1 0 |a Jak připravit mladé lidi na budoucnost?  |c Hana Kejhová 
520 |a Konferencia Kariérové poradenství - nástroj do školy, do práce i do života, na ktorej vystúpili experti z Česka, Dánska aj Anglicka. Dobrá prax zo zahraničia, kde je kariérové poradenstvo súčasťou školskej výučby. Poradenstvo šité na mieru. Od kariérovej voľby ku kariérovému učeniu. 
610 2 0 |a kariéra 
610 2 0 |a poradenstvo kariérové 
610 2 0 |a vzdelávanie 
610 2 0 |a vzdelávanie celoživotné 
610 2 0 |a konferencie 
610 2 0 |a Česko 
100 1 |a Kejhová, Hana